The eleventh hour / (Record no. 5369)

MARC details
000 -LEADER
fixed length control field 01179cam a2200337 a 4500
001 - CONTROL NUMBER
control field 633146
003 - CONTROL NUMBER IDENTIFIER
control field GBCCL
005 - DATE AND TIME OF LATEST TRANSACTION
control field 20241126110539.0
008 - FIXED-LENGTH DATA ELEMENTS--GENERAL INFORMATION
fixed length control field 930514s1993 iluab 000 1 eng
010 ## -
-- 93004858
020 ## - INTERNATIONAL STANDARD BOOK NUMBER
International Standard Book Number 0842339329 :
Terms of availability $16.99
020 ## - INTERNATIONAL STANDARD BOOK NUMBER
International Standard Book Number 0842339337 (pbk.) :
Terms of availability $10.99
040 ## - CATALOGING SOURCE
Original cataloging agency DLC
Transcribing agency DLC
Modifying agency DLC
043 ## -
-- e-gx---
050 00 -
-- PS3566.H492
-- E44 1993
082 00 - DEWEY DECIMAL CLASSIFICATION NUMBER
Classification number 813.54
Edition information 20
Item number PHI
100 1# - MAIN ENTRY--PERSONAL NAME
Personal name Phillips, Michael R.,
Dates associated with a name 1946-
9 (RLIN) 9662
245 14 - TITLE STATEMENT
Title The eleventh hour /
Statement of responsibility, etc. Michael Phillips.
260 ## - PUBLICATION, DISTRIBUTION, ETC.
Place of publication, distribution, etc. Wheaton, Ill. :
Name of publisher, distributor, etc. Tyndale House,
Date of publication, distribution, etc. c1993.
300 ## - PHYSICAL DESCRIPTION
Extent xxiii, 505 p. :
Other physical details ill., map ;
Dimensions 21 cm.
490 1# - SERIES STATEMENT
Series statement Secret of the rose ;
Volume/sequential designation 1
650 #0 - SUBJECT ADDED ENTRY--TOPICAL TERM
Topical term or geographic name entry element Fathers and daughters
General subdivision Fiction.
9 (RLIN) 9663
651 #0 - SUBJECT ADDED ENTRY--GEOGRAPHIC NAME
Geographic name Germany
General subdivision History
Chronological subdivision 1933-1945
General subdivision Fiction.
9 (RLIN) 9664
655 #7 - INDEX TERM--GENRE/FORM
Genre/form data or focus term Historical fiction.
Source of term gsafd
9 (RLIN) 9665
655 #7 - INDEX TERM--GENRE/FORM
Genre/form data or focus term Christian fiction.
Source of term lcsh
9 (RLIN) 256
740 0# -
-- 11th hour.
800 1# -
-- Phillips, Michael R.,
-- 1946-
-- Secret of the rose ;
-- 1.
-- 9666
906 ## - LOCAL DATA ELEMENT F, LDF (RLIN)
a 7
b cbc
c orignew
d 1
e ocip
f 19
g y-gencatlg
942 ## - ADDED ENTRY ELEMENTS (KOHA)
Source of classification or shelving scheme Dewey Decimal Classification
Koha item type Books
Holdings
Withdrawn status Lost status Source of classification or shelving scheme Damaged status Not for loan Home library Current Library Shelving location Date acquired Total checkouts Full call number Barcode Date last seen Copy number Price effective from Koha item type
    Dewey Decimal Classification     GRACE BIBLE COLLEGE GRACE BIBLE COLLEGE General Studies 2018-03-15   813.54 PHI 006214 2025-05-01 c.1 2018-03-15 Books
© Grace Bible College Library 2025